| 000 | 00504nam a2200145Ia 4500 | ||
|---|---|---|---|
| 008 | 231129s2012||||xx |||||||||||||| ||spa|| | ||
| 020 | _a978-958-761-243-1 | ||
| 040 | _bspa | ||
| 082 | _a333.7616 M385s | ||
| 100 | _aMartínez Bernal Liven Fernando | ||
| 245 | 0 | _aSostenibilidad y desarrollo: el valor agregado de la agricultura orgánica | |
| 260 | _c2012 | ||
| 264 | _aUniversidad Nacional de Colombia. Programa Interdisciplinario BioGestión | ||
| 942 |
_2ddc _cBKS |
||
| 999 |
_c24838 _d24838 |
||